[Event "Trieste op 25th"]
[Site "Trieste"]
[Date "2023.09.05"]
[Round "6"]
[White "Marn, Jan"]
[Black "Motola, Jacopo"]
[Result "0-1"]
[WhiteElo "2335"]
[BlackElo "2212"]
[PlyCount "94"]
[EventDate "2023.09.02"]
[EventType "swiss"]
[EventRounds "9"]
[EventCountry "ITA"]
[SourceTitle "EXT 2024"]
[Source "ChessBase"]
[SourceDate "2023.10.10"]
[SourceVersion "1"]
[SourceVersionDate "2023.10.10"]
[SourceQuality "1"]

1. d4 d5 2. Nf3 Nf6 3. e3 e6 4. Bd3 b6 5. b3 Bd6 6. Bb2 0-0 7. 0-0 Bb7 8. Nbd2 Ne4 9. c4 Nd7 10. Qc2 f5 11. Rac1 Nxd2 12. Nxd2 dxc4 13. Nxc4 Bxh2+ 14. Kxh2 Qh4+ 15. Kg1 Bxg2 16. f3 Qh1+ 17. Kf2 Bxf1 18. Rxf1 Qh4+ 19. Ke2 Nf6 20. Ba3 Rfd8 21. Ne5 c5 22. Nc6 Rd6 23. Ne7+ Kh8 24. dxc5 bxc5 25. Qxc5 Rd7 26. Qc4 Qh2+ 27. Rf2 Qe5 28. Nc6 Qa1 29. Nb4 Nd5 30. Nc2 Qxa2 31. b4 Qxc4 32. Bxc4 Rc8 33. Bb3 Rc3 34. Ba4 Nb6 35. Bb2 Nxa4 36. Bxc3 Nxc3+ 37. Kf1 e5 38. Na3 g6 39. Nc4 e4 40. Rc2 Nd5 41. fxe4 fxe4 42. Ke2 Rc7 43. b5 Nb6 44. Na3 Rxc2+ 45. Nxc2 Kg7 46. Nd4 Kf6 47. Kf2 Nc8 0-1

[Event "Trieste op 25th"]
[Site "Trieste"]
[Date "2023.09.04"]
[Round "4"]
[White "Baenziger, Fabian"]
[Black "Motola, Jacopo"]
[Result "1/2-1/2"]
[WhiteElo "2433"]
[BlackElo "2212"]
[PlyCount "73"]
[EventDate "2023.09.02"]
[EventType "swiss"]
[EventRounds "9"]
[EventCountry "ITA"]
[SourceTitle "EXT 2024"]
[Source "ChessBase"]
[SourceDate "2023.10.10"]
[SourceVersion "1"]
[SourceVersionDate "2023.10.10"]
[SourceQuality "1"]

1. c4 e5 2. Nc3 Nf6 3. Nf3 Nc6 4. g3 Bb4 5. Bg2 0-0 6. 0-0 e4 7. Ng5 Bxc3 8. bxc3 Re8 9. Qc2 Qe7 10. d3 exd3 11. exd3 h6 12. Nf3 d6 13. Rb1 Qe2 14. Qxe2 Rxe2 15. a3 Rb8 16. Re1 Rxe1+ 17. Nxe1 Bd7 18. Nc2 b6 19. Ne3 Ne5 20. d4 Neg4 21. Nf1 Nh7 22. h3 Ngf6 23. g4 Re8 24. Be3 Ne4 25. Rc1 Bc8 26. f3 Ng3 27. Nxg3 Rxe3 28. Kf2 Re8 29. f4 Ba6 30. Bc6 Rd8 31. Re1 Kf8 32. Bb5 Bxb5 33. cxb5 a6 34. a4 axb5 35. axb5 Ra8 36. c4 Ra4 37. Rc1 1/2-1/2

[Event "ITA-ch sf 82nd"]
[Site "Villesse"]
[Date "2023.07.22"]
[Round "9"]
[White "Frescura, Davide"]
[Black "Motola, Jacopo"]
[Result "0-1"]
[WhiteElo "2124"]
[BlackElo "2207"]
[PlyCount "84"]
[EventDate "2023.07.15"]
[EventType "swiss"]
[EventRounds "9"]
[EventCountry "ITA"]
[SourceTitle "CBM 215 Extra"]
[Source "ChessBase"]
[SourceDate "2023.09.30"]
[SourceVersion "1"]
[SourceVersionDate "2023.09.30"]
[SourceQuality "1"]

1. e4 e5 2. Nf3 Nc6 3. Bc4 Bc5 4. c3 Nf6 5. d3 a6 6. Bb3 d6 7. Nbd2 0-0 8. h3 Ba7 9. Nf1 d5 10. Qe2 dxe4 11. dxe4 Qe7 12. Ng3 Be6 13. 0-0 Bxb3 14. axb3 Qe6 15. b4 h6 16. Nh4 Ne7 17. Qf3 Rfd8 18. Nhf5 Nxf5 19. Nxf5 Ne8 20. Qg3 Kh7 21. Ra5 b5 22. Be3 Rd3 23. Rfa1 Bxe3 24. Nxe3 Nd6 25. Qh4 Qg6 26. Nd5 Qxe4 27. Qxe4+ Nxe4 28. Nxc7 Rad8 29. Nxa6 Rd1+ 30. Rxd1 Rxd1+ 31. Kh2 Nxf2 32. Rxb5 f5 33. Kg3 Nd3 34. Kf3 Re1 35. g4 e4+ 36. Kg2 f4 37. Rf5 Re2+ 38. Kf1 f3 39. Kg1 Rg2+ 40. Kf1 Rxb2 41. Kg1 Rg2+ 42. Kf1 Ra2 0-1

[Event "ITA-ch sf 82nd"]
[Site "Villesse"]
[Date "2023.07.18"]
[Round "5"]
[White "Bettalli, Francesco"]
[Black "Motola, Jacopo"]
[Result "1/2-1/2"]
[WhiteElo "2266"]
[BlackElo "2207"]
[PlyCount "166"]
[EventDate "2023.07.15"]
[EventType "swiss"]
[EventRounds "9"]
[EventCountry "ITA"]
[SourceTitle "CBM 215 Extra"]
[Source "ChessBase"]
[SourceDate "2023.09.30"]
[SourceVersion "1"]
[SourceVersionDate "2023.09.30"]
[SourceQuality "1"]

1. e4 e5 2. Nf3 Nc6 3. d4 exd4 4. Nxd4 Nf6 5. Nc3 Bb4 6. Nxc6 bxc6 7. Bd3 d5 8. Bd2 0-0 9. 0-0 Bxc3 10. Bxc3 Nxe4 11. Bxe4 dxe4 12. Qe2 Bf5 13. Qe3 f6 14. Rad1 Qc8 15. Rd4 Rd8 16. Ra4 a6 17. Qg3 Bg6 18. Rc4 Qe6 19. Rc5 Rd6 20. b3 Qd7 21. Ba5 Rc8 22. Qc3 Bf7 23. h3 Rd5 24. Bb4 Rxc5 25. Bxc5 Re8 26. Bd4 Re6 27. Qb4 h6 28. c3 Qc8 29. Re1 Bg6 30. Qc5 Rd6 31. Re3 Kh7 32. Qc4 Qb7 33. b4 Qb5 34. Qb3 Rd7 35. a4 Qd5 36. Qxd5 Rxd5 37. a5 Rd7 38. Re1 Kg8 39. g4 Kf7 40. Kg2 Rd5 41. Kg3 Bh7 42. f3 exf3 43. Kxf3 h5 44. Kf4 hxg4 45. hxg4 Bc2 46. Re2 Bb3 47. Rh2 Rg5 48. Rg2 Be6 49. Rg3 Ke7 50. Rg1 Kd6 51. Rg3 Kd5 52. Rg1 Kc4 53. Rg3 Bc8 54. Bc5 Re5 55. g5 Rf5+ 56. Ke4 fxg5 57. Bd4 g6 58. Be5 Rf7 59. Rxg5 Bf5+ 60. Ke3 Re7 61. Kf4 c5 62. bxc5 Kxc5 63. Rg2 Rh7 64. Rb2 Rf7 65. Ke3 Kd5 66. Bf4 Re7+ 67. Kf2 c5 68. Rb6 Bd3 69. Kf3 Re8 70. Rd6+ Kc4 71. Rxa6 Kxc3 72. Rb6 Ra8 73. Bg3 Kd2 74. Re6 Rf8+ 75. Bf4+ Kc2 76. Ke3 Ra8 77. Bc7 Rc8 78. Be5 Bf5 79. Rb6 Re8 80. Kf4 Bd3 81. Bd6 Re4+ 82. Kf3 Ra4 83. Bxc5 Rxa5 1/2-1/2

[Event "ITA-chT GpB 54th"]
[Site "Bacoli"]
[Date "2023.04.29"]
[Round "7"]
[White "Motola, Jacopo"]
[Black "Barp, Alberto"]
[Result "0-1"]
[WhiteElo "2218"]
[BlackElo "2432"]
[PlyCount "86"]
[EventDate "2023.04.25"]
[EventType "team-tourn"]
[EventRounds "7"]
[EventCountry "ITA"]
[SourceTitle "CBM 213 Extra"]
[Source "ChessBase"]
[SourceDate "2023.05.31"]
[SourceVersion "1"]
[SourceVersionDate "2023.05.31"]
[SourceQuality "1"]
[WhiteTeam "Etna Scacchi"]
[BlackTeam "Arrocco"]
[WhiteTeamCountry "ITA"]
[BlackTeamCountry "ITA"]

1. d4 Nf6 2. c4 e6 3. Nf3 b6 4. g3 Bb7 5. Bg2 Bb4+ 6. Bd2 a5 7. 0-0 0-0 8. Nc3 d6 9. b3 Nbd7 10. a3 Bxc3 11. Bxc3 Qe7 12. Nd2 Bxg2 13. Kxg2 d5 14. Qc2 c5 15. e3 Rfc8 16. dxc5 Qxc5 17. Bxf6 Nxf6 18. Qb2 dxc4 19. bxc4 Rd8 20. Nf3 Qxc4 21. Qxb6 Nd5 22. Qd4 Rac8 23. Qxc4 Rxc4 24. Rfc1 Rdc8 25. Rxc4 Rxc4 26. Rb1 h6 27. Nd4 Rc3 28. Rb3 a4 29. Rxc3 Nxc3 30. Kf1 Kf8 31. Ke1 Ke7 32. Nc2 Kd6 33. Kd2 Ne4+ 34. Ke2 Kd5 35. f3 Nc5 36. e4+ Kc4 37. Kd2 Nb3+ 38. Ke3 Kc3 39. Ne1 Na5 40. Nd3 Nc4+ 41. Ke2 Nxa3 42. Nc5 Kb4 43. Nb7 Nc4 0-1

[Event "ITA-chT GpB 54th"]
[Site "Bacoli"]
[Date "2023.04.28"]
[Round "6"]
[White "Boraso, Alessio"]
[Black "Motola, Jacopo"]
[Result "1/2-1/2"]
[WhiteElo "2316"]
[BlackElo "2218"]
[PlyCount "154"]
[EventDate "2023.04.25"]
[EventType "team-tourn"]
[EventRounds "7"]
[EventCountry "ITA"]
[SourceTitle "CBM 213 Extra"]
[Source "ChessBase"]
[SourceDate "2023.05.31"]
[SourceVersion "1"]
[SourceVersionDate "2023.05.31"]
[SourceQuality "1"]
[WhiteTeam "Milan Accademia"]
[BlackTeam "Etna Scacchi"]
[WhiteTeamCountry "ITA"]
[BlackTeamCountry "ITA"]

1. e4 c5 2. Nf3 Nc6 3. Bb5 g6 4. c3 Bg7 5. d4 cxd4 6. cxd4 Nf6 7. Nc3 0-0 8. 0-0 d5 9. e5 Ne4 10. Be3 Nxc3 11. bxc3 Na5 12. Qd2 Be6 13. h4 Nc4 14. Bxc4 dxc4 15. h5 Re8 16. Bh6 Bd5 17. Nh4 Qd7 18. f3 a5 19. Kf2 Ra6 20. hxg6 fxg6 21. Bxg7 Kxg7 22. Rh1 h5 23. Rh3 Rg8 24. Rg3 Kf8 25. Qh6+ Ke8 26. Re1 Bf7 27. Qf4 Bd5 28. Rg5 Qe6 29. Rb1 Rb6 30. Qc1 Qc6 31. Qc2 Rxb1 32. Qxb1 Bf7 33. g3 Rf8 34. Ng2 Bd5 35. Nf4 Bxf3 36. Qxg6+ Qxg6 37. Nxg6 Rf7 38. e6 Rf6 39. Nf4 Bg4 40. Rxa5 Bxe6 41. Rxh5 Bf7 42. Rb5 Ra6 43. Ke3 Rxa2 44. d5 Kd7 45. Kd4 Rd2+ 46. Kxc4 Kc7 47. Kc5 Rc2 48. Rb3 b6+ 49. Kd4 Rc1 50. c4 Rd1+ 51. Ke4 Rc1 52. Kd4 Rd1+ 53. Rd3 Rc1 54. Rd2 Kd6 55. Rb2 Rd1+ 56. Nd3 Kc7 57. Re2 Kd7 58. Ke3 Kd6 59. Rb2 Kc7 60. Ne5 Be8 61. g4 b5 62. cxb5 Rxd5 63. b6+ Kb7 64. Ke4 e6 65. g5 Ra5 66. Nc4 Bc6+ 67. Kd4 Rxg5 68. Rh2 Rg4+ 69. Kc5 Rxc4+ 70. Kxc4 Kxb6 71. Rb2+ Kc7 72. Kc5 Bd5 73. Rh2 Kd7 74. Rh7+ Ke8 75. Kd6 Bb3 76. Re7+ Kf8 77. Rxe6 Bxe6 1/2-1/2

[Event "Trieste op 24th"]
[Site "Trieste"]
[Date "2022.09.04"]
[Round "3"]
[White "Samunenkov, Igor"]
[Black "Motola, Jacopo"]
[Result "1-0"]
[WhiteElo "2469"]
[BlackElo "2183"]
[PlyCount "51"]
[EventDate "2022.09.03"]
[EventType "swiss"]
[EventRounds "9"]
[EventCountry "ITA"]
[SourceTitle "CBM 210 Extra"]
[Source "ChessBase"]
[SourceDate "2022.11.30"]
[SourceVersion "1"]
[SourceVersionDate "2022.11.30"]
[SourceQuality "1"]

1. d4 Nf6 2. c4 e6 3. Nf3 d5 4. g3 dxc4 5. Bg2 Bd7 6. Ne5 Bc6 7. Nxc6 Nxc6 8. 0-0 Qd7 9. e3 0-0-0 10. Nc3 e5 11. Qa4 Kb8 12. Qxc4 exd4 13. exd4 Nxd4 14. Rd1 c5 15. b4 Qe6 16. Bf4+ Ka8 17. Qb5 Rd7 18. Qa4 Qc4 19. Rxd4 cxd4 20. Nb5 Bc5 21. Rc1 Qxb4 22. Nc7+ Rxc7 23. Qxb4 Bxb4 24. Rxc7 Nh5 25. Rxb7 Nxf4 26. gxf4 1-0

[Event "Spilimbergo op 20th"]
[Site "Spilimbergo"]
[Date "2022.08.10"]
[Round "2"]
[White "Muckle, Julius"]
[Black "Motola, Jacopo"]
[Result "1-0"]
[WhiteElo "2389"]
[BlackElo "2238"]
[PlyCount "43"]
[EventDate "2022.08.09"]
[EventType "swiss"]
[EventRounds "9"]
[EventCountry "ITA"]
[SourceTitle "EXT 2023"]
[Source "ChessBase"]
[SourceDate "2022.10.05"]
[SourceVersion "1"]
[SourceVersionDate "2022.10.05"]
[SourceQuality "1"]

1. d4 Nf6 2. c4 e6 3. Nf3 d5 4. Nc3 dxc4 5. e4 Bb4 6. Bxc4 Nxe4 7. 0-0 Nf6 8. Qa4+ Nc6 9. Ne5 a5 10. Nxc6 bxc6 11. Qxc6+ Bd7 12. Qf3 0-0 13. Bg5 Be7 14. Rad1 a4 15. Rfe1 Re8 16. d5 Nxd5 17. Bxd5 exd5 18. Rxe7 Rxe7 19. Nxd5 Bc6 20. Nxe7+ Qxe7 21. Qxc6 Rd8 22. Rxd8+ 1-0

[Event "ITA-chTA 53rd"]
[Site "Montesilvano"]
[Date "2022.04.22"]
[Round "5.1"]
[White "Signorelli, Gaetano"]
[Black "Motola, Jacopo"]
[Result "1/2-1/2"]
[WhiteElo "2196"]
[BlackElo "2236"]
[PlyCount "117"]
[EventDate "2022.04.19"]
[EventType "team-tourn"]
[EventRounds "7"]
[EventCountry "ITA"]
[SourceTitle "CBM 207 Extra"]
[Source "ChessBase"]
[SourceDate "2022.05.31"]
[SourceVersion "1"]
[SourceVersionDate "2022.05.31"]
[SourceQuality "1"]
[WhiteTeam "Carrera Don Pietro"]
[BlackTeam "Catania Etna Scacchi"]
[WhiteTeamCountry "ITA"]
[BlackTeamCountry "ITA"]

1. c4 e6 2. Nc3 d5 3. e3 Nf6 4. Nf3 c5 5. cxd5 exd5 6. d4 Nc6 7. Bb5 a6 8. Bxc6+ bxc6 9. 0-0 Be7 10. dxc5 Bxc5 11. b3 0-0 12. Bb2 Bg4 13. Rc1 Ba7 14. Ne2 Bxf3 15. gxf3 Qd6 16. Qd3 Rfd8 17. Qf5 c5 18. Bxf6 Qxf6 19. Qxf6 gxf6 20. Rfd1 Rac8 21. Nf4 d4 22. e4 f5 23. Nd3 Re8 24. Re1 fxe4 25. fxe4 Rc6 26. f3 Rec8 27. Rc4 Rg6+ 28. Kh1 Rf6 29. f4 Re8 30. e5 Rf5 31. Kg2 f6 32. Kg3 fxe5 33. Rxe5 Rexe5 34. Nxe5 Kg7 35. b4 Kf6 36. bxc5 Ke6 37. Rxd4 Bxc5 38. Ra4 Be3 39. Rxa6+ Kd5 40. Ra5+ Ke6 41. Ra6+ Kd5 42. Ra4 Bxf4+ 43. Kg4 Rxe5 44. Kxf4 Re2 45. h4 Rg2 46. h5 h6 47. Ra6 Rf2+ 48. Kg3 Rc2 49. Rxh6 Rxa2 50. Rf6 Ke5 51. Rf1 Ra3+ 52. Kg4 Ra2 53. h6 Rh2 54. Kg5 Ke6 55. Kg6 Rg2+ 56. Kh7 Ke7 57. Kh8 Rh2 58. Kg7 Rg2+ 59. Kh8 1/2-1/2

[Event "ITA-ch sf 80th"]
[Site "Civitanova Marche"]
[Date "2021.07.22"]
[Round "6"]
[White "Motola, Jacopo"]
[Black "Vezzosi, Paolo"]
[Result "1/2-1/2"]
[WhiteElo "2249"]
[BlackElo "2219"]
[PlyCount "107"]
[EventDate "2021.07.17"]
[EventType "swiss"]
[EventRounds "9"]
[EventCountry "ITA"]
[SourceTitle "CBM 203 Extra"]
[Source "ChessBase"]
[SourceDate "2021.09.30"]
[SourceVersion "1"]
[SourceVersionDate "2021.09.30"]
[SourceQuality "1"]

1. e4 c6 2. d4 d5 3. Nd2 dxe4 4. Nxe4 Bf5 5. Ng3 Bg6 6. h4 h6 7. Nf3 Nd7 8. h5 Bh7 9. Bd3 Bxd3 10. Qxd3 e6 11. Bf4 Bb4+ 12. Bd2 Be7 13. 0-0-0 Ngf6 14. Ne4 Nxe4 15. Qxe4 Nf6 16. Qe2 Qd5 17. c4 Qe4 18. Qxe4 Nxe4 19. Be3 0-0-0 20. Ne5 Rhf8 21. f3 Nd6 22. g4 Ne8 23. Kc2 Bd6 24. Nd3 Bb8 25. Kc3 Nd6 26. a4 f6 27. Rhf1 Rfe8 28. Rde1 Nf7 29. Kc2 e5 30. dxe5 Nxe5 31. Nxe5 Rxe5 32. Bf2 Rde8 33. Rxe5 Rxe5 34. Re1 Rxe1 35. Bxe1 Kd7 36. Kd3 Ke6 37. Ke4 Bd6 38. b3 a6 39. Ba5 Be7 40. Bc3 Bd6 41. f4 Kf7 42. Kf5 Be7 43. Ba5 Ba3 44. Bb6 Bb4 45. g5 fxg5 46. fxg5 hxg5 47. Kxg5 Bc3 48. Kf5 Bb2 49. b4 Bc3 50. b5 axb5 51. axb5 cxb5 52. cxb5 Bb2 53. Be3 Bc3 54. Bc5 1/2-1/2

[Event "Europe Echecs online op April"]
[Site "Europe Echecs INT"]
[Date "2020.04.11"]
[Round "6"]
[White "Bellahcene, Bilel"]
[Black "Motola, Jacopo"]
[Result "1-0"]
[WhiteElo "2493"]
[BlackElo "2249"]
[PlyCount "69"]
[EventDate "2020.04.11"]
[EventType "swiss (blitz)"]
[EventRounds "11"]
[EventCountry "FRA"]
[SourceTitle "EXT 2021"]
[Source "ChessBase"]
[SourceDate "2020.10.23"]
[SourceVersion "1"]
[SourceVersionDate "2020.10.23"]
[SourceQuality "1"]

1. d4 d5 2. c4 dxc4 3. Nf3 Nf6 4. e3 e6 5. Bxc4 a6 6. a4 c5 7. 0-0 Nc6 8. Nc3 cxd4 9. exd4 Be7 10. d5 exd5 11. Nxd5 Nxd5 12. Bxd5 0-0 13. Be3 Nb4 14. Bb3 Qxd1 15. Rfxd1 Bf5 16. Rac1 Rac8 17. Ne5 Rxc1 18. Rxc1 Bd6 19. Bc5 Bxe5 20. Bxb4 Rc8 21. Rxc8+ Bxc8 22. Bc3 Bxc3 23. bxc3 a5 24. Kf1 Kf8 25. Ke2 Ke7 26. Ke3 f6 27. Kd4 Kd6 28. Bc2 h6 29. g3 Bd7 30. c4 b6 31. f4 Bc6 32. Bd1 Bd7 33. Bc2 Bc6 34. Bd1 Bd7 35. Bc2 1-0

[Event "Europe Echecs online op April"]
[Site "Europe Echecs INT"]
[Date "2020.04.11"]
[Round "8"]
[White "Motola, Jacopo"]
[Black "Gozzoli, Yannick"]
[Result "1-0"]
[WhiteElo "2249"]
[BlackElo "2608"]
[PlyCount "79"]
[EventDate "2020.04.11"]
[EventType "swiss (blitz)"]
[EventRounds "11"]
[EventCountry "FRA"]
[SourceTitle "EXT 2021"]
[Source "ChessBase"]
[SourceDate "2020.10.23"]
[SourceVersion "1"]
[SourceVersionDate "2020.10.23"]
[SourceQuality "1"]

1. e4 Nf6 2. e5 Nd5 3. d4 d6 4. c4 Nb6 5. exd6 cxd6 6. Nc3 g6 7. Be3 Bg7 8. Rc1 0-0 9. b3 Bf5 10. Be2 d5 11. c5 Nc8 12. Bf3 Nc6 13. Bxd5 e5 14. Bxc6 bxc6 15. dxe5 Qa5 16. Bd2 Qa6 17. Nge2 Bxe5 18. 0-0 Rd8 19. Ng3 Ne7 20. Qe1 f6 21. Nxf5 Nxf5 22. Ne4 Re8 23. Bc3 Kg7 24. Bxe5 Rxe5 25. f3 Rd8 26. a4 Rdd5 27. a5 Nd4 28. Rc4 f5 29. Qh4 fxe4 30. fxe4 Ne2+ 31. Kh1 Rxc5 32. Qf6+ Kh6 33. Rxc5 Rxc5 34. Qf8+ Kh5 35. Qxc5+ g5 36. Qf5 Kh6 37. Qf6+ Kh5 38. Qf7+ Kg4 39. Qf3+ Kh4 40. Qh3# 1-0

[Event "Europe Echecs online op April"]
[Site "Europe Echecs INT"]
[Date "2020.04.11"]
[Round "2"]
[White "Timotic, Nicolas"]
[Black "Motola, Jacopo"]
[Result "1-0"]
[WhiteElo "2001"]
[BlackElo "2249"]
[PlyCount "84"]
[EventDate "2020.04.11"]
[EventType "swiss (blitz)"]
[EventRounds "11"]
[EventCountry "FRA"]
[SourceTitle "EXT 2021"]
[Source "ChessBase"]
[SourceDate "2020.10.23"]
[SourceVersion "1"]
[SourceVersionDate "2020.10.23"]
[SourceQuality "1"]

1. e4 e5 2. Nf3 Nc6 3. Bb5 Nf6 4. d3 Bc5 5. 0-0 d6 6. Bxc6+ bxc6 7. h3 h6 8. Nbd2 0-0 9. b3 Re8 10. Bb2 Nd7 11. Nc4 Nf8 12. Qd2 Ne6 13. b4 Bb6 14. Nxb6 axb6 15. d4 exd4 16. Nxd4 Nxd4 17. Qxd4 Qg5 18. f4 c5 19. fxg5 cxd4 20. gxh6 Rxe4 21. hxg7 c5 22. c3 d3 23. Rf3 c4 24. Raf1 Be6 25. a3 Kxg7 26. Rf4 Rxf4 27. Rxf4 Re8 28. Rd4 d5 29. Bc1 Bxh3 30. Kh2 Be6 31. Bf4 Ra8 32. Bc1 f6 33. g3 Re8 34. Bf4 b5 35. Bd2 Bf7 36. Bf4 Re2+ 37. Kg1 Rc2 38. Kf1 Rxc3 39. Be3 Rxa3 40. Rg4+ Bg6 41. Rd4 Be4 42. Bf4 Rb3 1-0

[Event "Porto San Giorgio op 28th"]
[Site "Porto San Giorgio"]
[Date "2018.08.29"]
[Round "7"]
[White "Motola, Jacopo"]
[Black "Damia, Angelo"]
[Result "1-0"]
[WhiteElo "2177"]
[BlackElo "2313"]
[PlyCount "131"]
[EventDate "2018.08.24"]
[EventType "swiss"]
[EventRounds "9"]
[EventCountry "ITA"]
[SourceTitle "CBM 186 Extra"]
[Source "ChessBase"]
[SourceDate "2018.08.24"]
[SourceVersion "1"]
[SourceVersionDate "2018.08.24"]
[SourceQuality "1"]

1. e4 Nc6 2. Nf3 e5 3. Bb5 d6 4. d4 Bd7 5. Nc3 Nf6 6. 0-0 exd4 7. Nxd4 Be7 8. Re1 0-0 9. Bxc6 bxc6 10. b3 Re8 11. Bb2 Bf8 12. Qd3 g6 13. Nf3 Bg7 14. e5 Bf5 15. Qc4 Nd5 16. Nxd5 cxd5 17. Qxd5 dxe5 18. Qxd8 Raxd8 19. Bxe5 Bxc2 20. Bxg7 Kxg7 21. Rxe8 Rxe8 22. Rc1 Rd8 23. h3 Rd1+ 24. Rxd1 Bxd1 25. Nd4 c5 26. Nb5 a5 27. Nc3 Bc2 28. f4 Kf6 29. Kf2 Ke6 30. Ke3 h5 31. g4 hxg4 32. hxg4 g5 33. Kd2 Bh7 34. f5+ Ke5 35. Ke3 f6 36. Ne4 c4 37. bxc4 Bg8 38. Nd2 Bf7 39. Nf3+ Kd6 40. Kd4 Be8 41. Nd2 Bc6 42. Ne4+ Ke7 43. Ke3 Ba8 44. a3 Bc6 45. Nc3 Kd6 46. Kd4 Bf3 47. Ne4+ Ke7 48. Nf2 Kd6 49. Ke3 Bb7 50. Nd3 Bg2 51. Kd4 Bf3 52. Nf2 Bg2 53. Ne4+ Ke7 54. Nc3 Bf3 55. Nd5+ Kf7 56. Ne3 Ke7 57. Kc5 a4 58. Kb6 Kd6 59. c5+ Kd7 60. Nc4 Bxg4 61. c6+ Ke7 62. Ne3 Bf3 63. c7 Kd7 64. Ng4 Kc8 65. Nxf6 g4 66. Ng8 1-0

[Event "Porto San Giorgio op 28th"]
[Site "Porto San Giorgio"]
[Date "2018.08.26"]
[Round "3"]
[White "Motola, Jacopo"]
[Black "Marzano, Carlo"]
[Result "1-0"]
[WhiteElo "2177"]
[BlackElo "2236"]
[PlyCount "85"]
[EventDate "2018.08.24"]
[EventType "swiss"]
[EventRounds "9"]
[EventCountry "ITA"]
[SourceTitle "CBM 186 Extra"]
[Source "ChessBase"]
[SourceDate "2018.08.24"]
[SourceVersion "1"]
[SourceVersionDate "2018.08.24"]
[SourceQuality "1"]

1. e4 e5 2. Nf3 Nc6 3. Bb5 a6 4. Bxc6 dxc6 5. 0-0 Bg4 6. h3 h5 7. d3 Qf6 8. Nbd2 g5 9. Nc4 Bxf3 10. Qxf3 Qxf3 11. gxf3 f6 12. h4 gxh4 13. f4 exf4 14. Bxf4 0-0-0 15. Kh2 Nh6 16. Bxh6 Bxh6 17. Ne3 Rdg8 18. Nf5 Kd7 19. Rg1 Rg4 20. f3 Bf4+ 21. Kh3 Rg5 22. Kxh4 Rhg8 23. Rxg5 Rxg5 24. Rh1 Rg2 25. Kxh5 Rxc2 26. Kg6 Rxb2 27. Rh7+ Kc8 28. Kxf6 Rxa2 29. e5 Bxe5+ 30. Kxe5 a5 31. f4 a4 32. Nd4 a3 33. f5 Rf2 34. f6 a2 35. Nb3 b5 36. f7 Kb7 37. Ke6 Re2+ 38. Kf5 c5 39. Rh8 c4 40. dxc4 Rf2+ 41. Ke6 bxc4 42. Na1 Re2+ 43. Kd5 1-0

[Event "Mortara op"]
[Site "Mortara"]
[Date "2016.09.??"]
[Round "4.4"]
[White "Motola, Jacopo"]
[Black "Cordani, Enrico"]
[Result "1-0"]
[WhiteElo "2189"]
[BlackElo "1825"]
[PlyCount "96"]
[EventDate "2016.09.??"]
[EventType "swiss"]
[EventRounds "5"]
[EventCountry "ITA"]
[SourceTitle "EXT 2024"]
[Source "ChessBase"]
[SourceDate "2023.10.10"]
[SourceVersion "1"]
[SourceVersionDate "2023.10.10"]
[SourceQuality "1"]

1. e4 c5 2. Nf3 g6 3. d4 cxd4 4. Nxd4 Bg7 5. Nc3 Nc6 6. Be3 Nf6 7. Bc4 0-0 8. Bb3 a6 9. f3 b5 10. 0-0 Bb7 11. a4 b4 12. Nd5 Nxd5 13. exd5 Na5 14. Ba2 Rc8 15. Qe2 Qc7 16. Bf2 Rfe8 17. Qd2 Qd6 18. Rad1 Nc4 19. Bxc4 Rxc4 20. b3 Rc7 21. Bg3 Be5 22. Bxe5 Qxe5 23. Qxb4 Qxd5 24. Kh1 Qc5 25. Qxc5 Rxc5 26. c4 d5 27. cxd5 Rxd5 28. Ne2 Red8 29. Nc3 Rxd1 30. Rxd1 Rxd1+ 31. Nxd1 Kf8 32. Kg1 Ke8 33. Kf2 Bd5 34. b4 Bb3 35. Nc3 Kd7 36. Ke3 Kc6 37. Kd4 f6 38. f4 e6 39. h4 Kb6 40. g3 h5 41. Kd3 Kc6 42. a5 e5 43. Ne4 f5 44. Nc5 exf4 45. Nxb3 fxg3 46. Nd4+ Kd5 47. Ne2 Kc6 48. Nxg3 Kb5 1-0

[Event "ITA-ch sf 76th"]
[Site "Civitanova Marche"]
[Date "2016.07.15"]
[Round "7"]
[White "Motola, Jacopo"]
[Black "Damia, Angelo"]
[Result "1-0"]
[WhiteElo "2151"]
[BlackElo "2265"]
[PlyCount "53"]
[EventDate "2016.07.09"]
[EventType "swiss"]
[EventRounds "9"]
[EventCountry "ITA"]
[SourceTitle "CBM 173 Extra"]
[Source "ChessBase"]
[SourceDate "2016.08.29"]
[SourceVersion "1"]
[SourceVersionDate "2016.08.29"]
[SourceQuality "1"]

1. e4 Nf6 2. e5 Nd5 3. d4 d6 4. Nf3 g6 5. h3 Bg7 6. Bc4 Be6 7. Qe2 Nc6 8. c3 dxe5 9. dxe5 Qd7 10. 0-0 Rd8 11. Na3 a6 12. Bb3 0-0 13. Nc2 Nb6 14. Ncd4 Bxb3 15. axb3 Nxd4 16. Nxd4 Qd5 17. Re1 c5 18. Ra5 Nc8 19. Nf3 b6 20. Rxa6 Qxb3 21. Ra8 e6 22. Bg5 Rd7 23. Rea1 h6 24. Bf6 Qd5 25. Qe3 Ne7 26. Bxg7 Rxa8 27. Qxh6 1-0

[Event "ITA-ch sf 76th"]
[Site "Civitanova Marche"]
[Date "2016.07.09"]
[Round "1"]
[White "Pescatore, Lorenzo"]
[Black "Motola, Jacopo"]
[Result "1-0"]
[WhiteElo "2318"]
[BlackElo "2151"]
[PlyCount "67"]
[EventDate "2016.07.09"]
[EventType "swiss"]
[EventRounds "9"]
[EventCountry "ITA"]
[SourceTitle "CBM 173 Extra"]
[Source "ChessBase"]
[SourceDate "2016.08.29"]
[SourceVersion "1"]
[SourceVersionDate "2016.08.29"]
[SourceQuality "1"]

1. e4 c5 2. c3 Nf6 3. e5 Nd5 4. d4 cxd4 5. Nf3 e6 6. cxd4 d6 7. Nc3 Nxc3 8. bxc3 d5 9. Bd3 h6 10. 0-0 b6 11. Be3 Nc6 12. c4 Nb4 13. Be2 dxc4 14. Bxc4 Be7 15. Nd2 Nd5 16. Qg4 Kf8 17. Ne4 Bb7 18. Bd2 Rc8 19. Bb3 a5 20. Rac1 Bc6 21. Qg3 a4 22. Bc4 b5 23. Bd3 Qb6 24. Nd6 Rd8 25. Be4 Bxd6 26. exd6 Qxd4 27. Bxd5 Qxd5 28. Ba5 Rc8 29. Rfd1 Qg5 30. Qxg5 hxg5 31. d7 Bxd7 32. Rxc8+ Bxc8 33. Rd8+ Ke7 34. Rxh8 1-0

[Event "Mortara Weekend 5th"]
[Site "Mortara"]
[Date "2015.09.18"]
[Round "2"]
[White "Damia, Angelo"]
[Black "Motola, Jacopo"]
[Result "1-0"]
[WhiteElo "2172"]
[BlackElo "2065"]
[PlyCount "83"]
[EventDate "2015.09.18"]
[EventType "swiss"]
[EventRounds "5"]
[EventCountry "ITA"]
[SourceTitle "EXT 2024"]
[Source "ChessBase"]
[SourceDate "2023.10.10"]
[SourceVersion "1"]
[SourceVersionDate "2023.10.10"]
[SourceQuality "1"]

1. e4 e5 2. Nf3 Nc6 3. Nc3 Nf6 4. g3 Bc5 5. Bg2 0-0 6. Nxe5 Nxe5 7. d4 Bd6 8. dxe5 Bxe5 9. 0-0 Bxc3 10. bxc3 Re8 11. Qd4 d6 12. h3 Qe7 13. Re1 Nd7 14. Ba3 Qe5 15. f4 Qa5 16. Bb2 f6 17. Kh2 Rb8 18. Qc4+ Kf8 19. Rad1 Qc5 20. Qb3 Qh5 21. Ba3 Qf7 22. Qb1 Qe7 23. e5 fxe5 24. Bd5 g6 25. c4 b6 26. Qc1 Kg7 27. fxe5 Nxe5 28. Rxe5 Qxe5 29. Bb2 Bb7 30. Bxb7 Rxb7 31. Re1 c5 32. Qa1 Rbe7 33. Bxe5+ Rxe5 34. Kg2 Kg8 35. Rxe5 dxe5 36. Qd1 Re7 37. Kf3 e4+ 38. Ke3 Kf8 39. Qd6 Kf7 40. a4 h5 41. a5 Re6 42. Qf4+ 1-0